Datum a čas kvízu
17
Celkem bodů
Celkový počet nahraných bodů na tomto kvízu bez doplňovacích otázek.
6.
Pořadí na kvízu
Konečné umístění týmu na tomto kvízu.
Zaznamenané odpovědi
| # | Otázka | Odpověď | Body | Výsledky |
|---|---|---|---|---|
| 1. | Minulý týden navštívil Českou... | 0 | ||
| 2. | Úřady a zdravotnické instituce... | 0 | ||
| 3. | Jediným Čechem, který vystoupí... | 0 | ||
| 4. | Oděvní gigant H&M se potýká s... | 0 | ||
| 5. | Argentinský útočník Carlos Tév... | 0 | ||
| 6. | Zaměříme se na nová slova v če... | 0 | ||
| 7. | Jak se jmenuje politik, který... | 1 | ||
| 8. | Mezi několik málo slov, která... | 0 | ||
| 9. | Jak se nazývá termín, který by... | 1 | ||
| 10. | Tvorba neologismů není jen zál... | 1 |